Normal view
MARC view
- Lt Col Dr. Tariq Mahmood
Entry Personal Name
001 - CONTROL NUMBER
- control field: 47916
003 - CONTROL NUMBER IDENTIFIER
- control field: NUST
005 - DATE AND TIME OF LATEST TRANSACTION
- control field: 20210314133929.0
008 - FIXED-LENGTH DATA ELEMENTS
- fixed length control field: 210314|| aca||aabn | a|a d
040 ## - CATALOGING SOURCE
- Original cataloging agency: NUST
- Transcribing agency: NUST
100 ## - HEADING--PERSONAL NAME
- Personal name: Lt Col Dr. Tariq Mahmood
670 ## - SOURCE DATA FOUND
- Source citation: Work cat.: (NUST): PC Talha 47915, Traffic analysis of Risalpur Cantt, 13.03.2001
